[Event "TUR-chT2"]
[Site "Konya"]
[Date "2015.07.28"]
[Round "6.11"]
[White "Sahin, Ozgun"]
[Black "Salur, Ozgur"]
[Result "1-0"]
[WhiteElo "2106"]
[BlackElo "1258"]
[PlyCount "45"]
[EventDate "2015.07.25"]
[EventType "team-swiss"]
[EventRounds "9"]
[EventCountry "TUR"]
[SourceTitle "CBM 167 Extra"]
[Source "ChessBase"]
[SourceDate "2015.09.14"]
[SourceVersion "1"]
[SourceVersionDate "2015.09.14"]
[SourceQuality "1"]
[WhiteTeam "Burdur 90 Yil"]
[BlackTeam "Zonguldak Alapli Aktif"]
[WhiteTeamCountry "TUR"]
[BlackTeamCountry "TUR"]

1. e4 c5 2. Nf3 Nc6 3. Bb5 a6 4. Bxc6 dxc6 5. 0-0 Bg4 6. d3 e6 7. Be3 Bd6 8. h3 Bh5 9. d4 cxd4 10. Qxd4 Bxf3 11. Qxg7 Qf6 12. Qxf6 Nxf6 13. gxf3 0-0-0 14. Nc3 Rhg8+ 15. Kh1 Nh5 16. Ne2 f5 17. Rg1 Rg6 18. Rad1 Kc7 19. Nd4 Ng7 20. Rxg6 hxg6 21. Bh6 c5 22. Bxg7 cxd4 23. Bxd4 1-0

[Event "TUR-chT2"]
[Site "Konya"]
[Date "2015.07.25"]
[Round "1.11"]
[White "Karaokcu, Erkin"]
[Black "Salur, Ozgur"]
[Result "1-0"]
[WhiteElo "2097"]
[BlackElo "1258"]
[PlyCount "37"]
[EventDate "2015.07.25"]
[EventType "team-swiss"]
[EventRounds "9"]
[EventCountry "TUR"]
[SourceTitle "CBM 167 Extra"]
[Source "ChessBase"]
[SourceDate "2015.09.14"]
[SourceVersion "1"]
[SourceVersionDate "2015.09.14"]
[SourceQuality "1"]
[WhiteTeam "Ankara Odtu"]
[BlackTeam "Zonguldak Alapli Aktif"]
[WhiteTeamCountry "TUR"]
[BlackTeamCountry "TUR"]

1. d4 d5 2. Bg5 Nc6 3. e3 g6 4. c4 Bf5 5. Nc3 dxc4 6. Bxc4 Bg7 7. Qb3 Qc8 8. Bxf7+ Kf8 9. Nf3 Nf6 10. Bc4 Na5 11. Qb5 Nxc4 12. Qxc4 c6 13. 0-0 h6 14. Bf4 g5 15. Bg3 h5 16. Nxg5 e6 17. e4 Bg6 18. Nxe6+ Kg8 19. Ng5+ 1-0